Sijoita valtiot kartalle, jossa ei näy rajoja #2 - Statistics

Yleistilastot
  • Tätä visaa on pelattu 1 186 kertaa
  • Keskiarvotulos 16 / 25
Vastaukset kartalla
Vastauksille on annettu kartalla punavihreä väri sen mukaan, kuinka moni on saanut sen oikein.
 
Vastaustilastot
Vastaus % Oikein
Japani
98%
Kanada
96%
Australia
95%
Ranska
84%
Somalia
83%
Kreikka
81%
Thaimaa
81%
Saudi-Arabia
80%
Indonesia
79%
Algeria
78%
Kiina
77%
Argentiina
76%
Romania
75%
Venezuela
74%
Tanska
73%
Bahama
58%
Pakistan
58%
Komorit
45%
Peru
42%
Puola
40%
Mosambik
39%
Malediivit
37%
Kongon demokraattinen tasavalta
35%
Fidži
30%
Barbados
23%
Ehtoja vastaavia visoja ei löytynyt
Tulosjakauma
Jokaisen tuloksen saaneiden osuus
Persentiili vastausten määrän mukaan
Tuloshistoriasi
Et ole pelannut tätä visaa